000 01152cam a2200253 4500
001 L159012
008 000000n2010 000 0 eng u
035 _a(Sirsi) u159012
041 0 _aeng
050 _a347.4107
110 _aRoyal Institution of Chartered Surveyors
_94900
245 0 5 _aRICS mediation
_bmodel settlement agreement
_h[old edition]
260 _aLondon
_bRICS
_c2010
300 _a9p.
520 _aLegally binding contract to be sign by both parties of the mediation process. Part of the documents available for Accredited Mediators.
650 _aALTERNATIVE DISPUTE RESOLUTION
650 _aMEDIATION
650 _aMANAGEMENT-DISPUTE AVOIDANCE, MANAGEMENT AND RESOLUTION-DISPUTE MANAGEMENT AND RESOLUTION-ARBITRATION
650 _aMANAGEMENT-DISPUTE AVOIDANCE, MANAGEMENT AND RESOLUTION-DISPUTE MANAGEMENT AND RESOLUTION-ALTERNATIVE DISPUTE RESOLUTION-ADJUDICATION
651 4 _aENGLAND AND WALES
690 _aDispute resolution
_96236
856 4 0 _uhttps://www.rics.org/profession-standards/knowledge-and-information-services/document-delivery-and-o
_zemail [email protected] to request a copy
942 _n0
_2ddc
999 _c115627
_d115627